000 00690nam a22001937a 4500
008 131021b xxu||||| |||| 00| 0 alb d
020 _a 9789951160414
041 _aalb
041 _aeng
080 _a061.3
_x(042.3)
245 0 0 _aKumtesa :
_c [redaktor teknik Murteza Osdautaj].
260 _aPrishtinë :
_bMinistria e Arsimit, Shkencës dhe Teknologjisë,
_c2011.
300 _a338 f. :
_bme il.;
_c24 cm.
500 _aParathënia / Ramë Buja: f. [5-6]
500 _aDy fjalë lexuesit / Murteza Osdautaj : f. [7]
650 4 _aShkenca
_vKonferenca
_zKosovë
700 1 _aOsdautaj, Murteza
942 _2udc
_cBK
999 _c148
_d148